[Event "DVM U10 2023"]
[Site "Magdeburg GER"]
[Date "2023.12.27"]
[Round "1"]
[White "Fadeev, Justin Michael"]
[Black "Noll, Raphael"]
[Result "1-0"]
[Termination "normal"]
[Board "4.1"]
[WhiteElo "1484"]
[BlackElo "1387"]
[WhiteClock "00:18:45"]
[BlackClock "00:03:32"]
[WhiteTeam "Barnimer SF im SV Stahl Finow"]
[BlackTeam "SK Marburg 1931/72"]
[PlyCount "96"]
[WhiteFideId "34602968"]
[BlackFideId "34653228"]
[EventCountry "GER"]
[EventRounds "7"]
[EventType "team-swiss"]
[EventDate "2023.12.27"]

1. e4 {[%clk 00:55:09]} {[%emt 00:00:01]} e5 {[%clk 00:55:05]} {[%emt
00:00:05]} 2. Nf3 {[%clk 00:55:08]} {[%emt 00:00:06]} Nf6 {[%clk 00:55:04]}
{[%emt 00:00:07]} 3. d4 {[%clk 00:55:07]} {[%emt 00:00:05]} exd4 {[%clk
00:53:54]} {[%emt 00:01:15]} 4. e5 {[%clk 00:54:30]} {[%emt 00:00:43]} Ng8
{[%clk 00:52:18]} {[%emt 00:01:40]} 5. Nxd4 {[%clk 00:50:25]} {[%emt 00:04:10]}
Nc6 {[%clk 00:49:44]} {[%emt 00:02:39]} 6. Nxc6 {[%clk 00:49:49]} {[%emt
00:00:40]} bxc6 {[%clk 00:49:33]} {[%emt 00:00:17]} 7. Bc4 {[%clk 00:48:42]}
{[%emt 00:01:12]} Bc5 {[%clk 00:46:27]} {[%emt 00:03:11]} 8. Qf3 {[%clk
00:47:15]} {[%emt 00:01:32]} f6 {[%clk 00:40:12]} {[%emt 00:06:20]} 9. O-O
{[%clk 00:43:31]} {[%emt 00:03:49]} Bb7 {[%clk 00:37:17]} {[%emt 00:03:00]} 10.
Bxg8 {[%clk 00:40:24]} {[%emt 00:03:12]} Rxg8 {[%clk 00:36:41]} {[%emt
00:00:40]} 11. exf6 {[%clk 00:38:44]} {[%emt 00:01:46]} Qxf6 {[%clk 00:35:26]}
{[%emt 00:01:20]} 12. Qh5+ {[%clk 00:38:43]} {[%emt 00:00:06]} Qg6 {[%clk
00:34:31]} {[%emt 00:01:50]} 13. Qxc5 {[%clk 00:38:00]} {[%emt 00:00:07]} O-O-O
{[%clk 00:33:12]} {[%emt 00:01:24]} 14. Na3 {[%clk 00:35:20]} {[%emt 00:02:45]}
d6 {[%clk 00:32:05]} {[%emt 00:01:12]} 15. Qg5 {[%clk 00:35:14]} {[%emt
00:00:11]} Qe4 {[%clk 00:30:49]} {[%emt 00:01:21]} 16. Bd2 {[%clk 00:34:09]}
{[%emt 00:01:11]} h6 {[%clk 00:29:17]} {[%emt 00:01:37]} 17. Qf4 {[%clk
00:33:53]} {[%emt 00:00:20]} Qg6 {[%clk 00:28:42]} {[%emt 00:00:42]} 18. Qg3
{[%clk 00:33:26]} {[%emt 00:00:31]} Qf6 {[%clk 00:28:01]} {[%emt 00:00:45]} 19.
Bc3 {[%clk 00:33:24]} {[%emt 00:00:08]} Qf7 {[%clk 00:27:07]} {[%emt 00:00:59]}
20. Rfe1 {[%clk 00:32:03]} {[%emt 00:01:26]} Kb8 {[%clk 00:25:32]} {[%emt
00:01:40]} 21. Re3 {[%clk 00:30:55]} {[%emt 00:01:13]} g5 {[%clk 00:23:47]}
{[%emt 00:01:50]} 22. Rae1 {[%clk 00:29:25]} {[%emt 00:01:34]} Rde8 {[%clk
00:22:41]} {[%emt 00:01:12]} 23. Qf3 {[%clk 00:27:14]} {[%emt 00:02:16]} Qd7
{[%clk 00:20:32]} {[%emt 00:02:13]} 24. Rxe8+ {[%clk 00:25:26]} {[%emt
00:01:53]} Rxe8 {[%clk 00:20:21]} {[%emt 00:00:16]} 25. Rxe8+ {[%clk 00:25:25]}
{[%emt 00:00:07]} Qxe8 {[%clk 00:20:16]} {[%emt 00:00:10]} 26. h3 {[%clk
00:25:04]} {[%emt 00:00:26]} c5 {[%clk 00:18:48]} {[%emt 00:01:33]} 27. Qe3
{[%clk 00:23:53]} {[%emt 00:01:16]} Qc6 {[%clk 00:17:38]} {[%emt 00:01:15]} 28.
f3 {[%clk 00:23:49]} {[%emt 00:00:09]} d5 {[%clk 00:16:01]} {[%emt 00:01:42]}
29. Be5 {[%clk 00:23:36]} {[%emt 00:00:17]} d4 {[%clk 00:15:32]} {[%emt
00:00:35]} 30. Qe2 {[%clk 00:23:02]} {[%emt 00:00:39]} Ba6 {[%clk 00:14:08]}
{[%emt 00:01:29]} 31. Qd2 {[%clk 00:22:12]} {[%emt 00:00:55]} Qe6 {[%clk
00:12:23]} {[%emt 00:01:49]} 32. Bg3 {[%clk 00:21:31]} {[%emt 00:00:46]} Qxa2
{[%clk 00:11:14]} {[%emt 00:01:14]} 33. Qa5 {[%clk 00:20:39]} {[%emt 00:00:58]}
Qa1+ {[%clk 00:07:59]} {[%emt 00:03:20]} 34. Kh2 {[%clk 00:20:33]} {[%emt
00:00:10]} Qxb2 {[%clk 00:07:56]} {[%emt 00:00:08]} 35. Qxc7+ {[%clk 00:20:16]}
{[%emt 00:00:24]} Ka8 {[%clk 00:07:48]} {[%emt 00:00:11]} 36. Qd8+ {[%clk
00:20:19]} {[%emt 00:00:03]} Kb7 {[%clk 00:06:45]} {[%emt 00:01:08]} 37. Qb8+
{[%clk 00:20:15]} {[%emt 00:00:09]} Kc6 {[%clk 00:06:41]} {[%emt 00:00:09]} 38.
Qxb2 {[%clk 00:20:14]} {[%emt 00:00:06]} Kd5 {[%clk 00:06:02]} {[%emt
00:00:44]} 39. Qb8 {[%clk 00:20:04]} {[%emt 00:00:15]} Ke6 {[%clk 00:05:08]}
{[%emt 00:00:59]} 40. Qd6+ {[%clk 00:20:03]} {[%emt 00:00:06]} Kf7 {[%clk
00:05:03]} {[%emt 00:00:10]} 41. Qxa6 {[%clk 00:19:51]} {[%emt 00:00:17]} d3
{[%clk 00:04:54]} {[%emt 00:00:13]} 42. Be5 {[%clk 00:19:40]} {[%emt 00:00:17]}
d2 {[%clk 00:04:27]} {[%emt 00:00:32]} 43. Qf6+ {[%clk 00:19:37]} {[%emt
00:00:09]} Ke8 {[%clk 00:04:18]} {[%emt 00:00:13]} 44. Bd6 {[%clk 00:19:32]}
{[%emt 00:00:10]} Kd7 {[%clk 00:04:03]} {[%emt 00:00:20]} 45. Qe7+ {[%clk
00:19:15]} {[%emt 00:00:22]} Kc6 {[%clk 00:03:45]} {[%emt 00:00:23]} 46. Qc7+
{[%clk 00:19:13]} {[%emt 00:00:07]} Kd5 {[%clk 00:03:32]} {[%emt 00:00:18]} 47.
Qd7 {[%clk 00:18:45]} {[%emt 00:00:33]} d1=Q {[%emt 00:01:15]} 48. Bg3# {[%emt
00:00:02]} Ke4 {[%emt 00:00:25]} 1-0

[Event "DVM U10 2023"]
[Site "Magdeburg GER"]
[Date "2023.12.27"]
[Round "1"]
[White "Goebel, Johannes"]
[Black "Schmidt, Jossip"]
[Result "0-1"]
[Termination "normal"]
[Board "4.2"]
[WhiteElo "1043"]
[BlackElo "1330"]
[WhiteClock "00:26:21"]
[BlackClock "00:25:58"]
[WhiteTeam "SK Marburg 1931/72"]
[BlackTeam "Barnimer SF im SV Stahl Finow"]
[PlyCount "88"]
[BlackFideId "34621148"]
[EventCountry "GER"]
[EventRounds "7"]
[EventType "team-swiss"]
[EventDate "2023.12.27"]

1. e4 {[%clk 00:55:06]} {[%emt 00:00:03]} c5 {[%clk 00:54:50]} {[%emt
00:00:21]} 2. Nc3 {[%clk 00:54:53]} {[%emt 00:00:17]} Nc6 {[%clk 00:53:51]}
{[%emt 00:01:04]} 3. Nf3 {[%clk 00:54:25]} {[%emt 00:00:31]} g6 {[%clk
00:51:37]} {[%emt 00:02:21]} 4. Bc4 {[%clk 00:53:22]} {[%emt 00:01:08]} Bg7
{[%clk 00:50:27]} {[%emt 00:01:16]} 5. O-O {[%clk 00:52:42]} {[%emt 00:00:44]}
Nf6 {[%clk 00:48:24]} {[%emt 00:02:07]} 6. d3 {[%clk 00:51:10]} {[%emt
00:01:38]} O-O {[%clk 00:47:05]} {[%emt 00:01:24]} 7. Re1 {[%clk 00:49:34]}
{[%emt 00:01:40]} d6 {[%clk 00:43:41]} {[%emt 00:03:31]} 8. Bg5 {[%clk
00:48:19]} {[%emt 00:01:19]} h6 {[%clk 00:42:42]} {[%emt 00:01:04]} 9. Bxf6
{[%clk 00:48:00]} {[%emt 00:00:24]} Bxf6 {[%clk 00:41:13]} {[%emt 00:01:35]}
10. Qd2 {[%clk 00:46:39]} {[%emt 00:01:25]} Kh7 {[%clk 00:40:07]} {[%emt
00:01:11]} 11. Re2 {[%clk 00:45:22]} {[%emt 00:01:23]} Bg4 {[%clk 00:38:56]}
{[%emt 00:01:16]} 12. Re3 {[%clk 00:44:32]} {[%emt 00:00:54]} Nd4 {[%clk
00:37:48]} {[%emt 00:01:13]} 13. Nxd4 {[%clk 00:43:44]} {[%emt 00:00:53]} cxd4
{[%clk 00:37:40]} {[%emt 00:00:13]} 14. Rg3 {[%clk 00:41:53]} {[%emt 00:01:55]}
dxc3 {[%clk 00:37:37]} {[%emt 00:00:09]} 15. bxc3 {[%clk 00:40:58]} {[%emt
00:01:00]} Be6 {[%clk 00:32:43]} {[%emt 00:04:59]} 16. Bxe6 {[%clk 00:40:21]}
{[%emt 00:00:43]} fxe6 {[%clk 00:32:30]} {[%emt 00:00:18]} 17. Rh3 {[%clk
00:39:41]} {[%emt 00:00:44]} Bg7 {[%clk 00:31:44]} {[%emt 00:00:51]} 18. d4
{[%clk 00:38:26]} {[%emt 00:01:20]} e5 {[%clk 00:30:42]} {[%emt 00:01:08]} 19.
d5 {[%clk 00:37:39]} {[%emt 00:00:52]} Qb6 {[%clk 00:29:57]} {[%emt 00:00:49]}
20. Rf1 {[%clk 00:36:55]} {[%emt 00:00:49]} Rf7 {[%clk 00:29:43]} {[%emt
00:00:19]} 21. Kh1 {[%clk 00:36:12]} {[%emt 00:00:45]} Raf8 {[%clk 00:29:16]}
{[%emt 00:00:34]} 22. Re3 {[%clk 00:35:11]} {[%emt 00:01:05]} h5 {[%clk
00:29:00]} {[%emt 00:00:22]} 23. f3 {[%clk 00:34:09]} {[%emt 00:01:04]} Bh6
{[%clk 00:29:00]} {[%emt 00:00:08]} 24. Rfe1 {[%clk 00:33:30]} {[%emt
00:00:40]} Bxe3 {[%clk 00:28:23]} {[%emt 00:00:46]} 25. Rxe3 {[%clk 00:33:06]}
{[%emt 00:00:29]} Qb1+ {[%clk 00:28:16]} {[%emt 00:00:13]} 26. Re1 {[%clk
00:32:32]} {[%emt 00:00:38]} Qxa2 {[%clk 00:28:16]} {[%emt 00:00:06]} 27. Rf1
{[%clk 00:31:13]} {[%emt 00:01:22]} e6 {[%clk 00:28:00]} {[%emt 00:00:23]} 28.
dxe6 {[%clk 00:30:53]} {[%emt 00:00:25]} Qxe6 {[%clk 00:27:59]} {[%emt
00:00:06]} 29. Qe3 {[%clk 00:29:07]} {[%emt 00:01:49]} Qg4 {[%clk 00:27:24]}
{[%emt 00:00:42]} 30. fxg4 {[%clk 00:28:31]} {[%emt 00:00:40]} Rxf1+ {[%clk
00:27:19]} {[%emt 00:00:10]} 31. Qg1 {[%clk 00:28:19]} {[%emt 00:00:17]} Rxg1+
{[%clk 00:26:55]} {[%emt 00:00:30]} 32. Kxg1 {[%clk 00:28:20]} {[%emt
00:00:04]} hxg4 {[%clk 00:26:49]} {[%emt 00:00:10]} 33. g3 {[%clk 00:28:09]}
{[%emt 00:00:16]} Rf3 {[%clk 00:26:36]} {[%emt 00:00:18]} 34. Kg2 {[%clk
00:27:49]} {[%emt 00:00:25]} Rxc3 {[%clk 00:26:34]} {[%emt 00:00:08]} 35. Kf2
{[%clk 00:27:30]} {[%emt 00:00:23]} a5 {[%clk 00:26:24]} {[%emt 00:00:16]} 36.
Ke2 {[%clk 00:27:25]} {[%emt 00:00:10]} Rxc2+ {[%clk 00:26:21]} {[%emt
00:00:08]} 37. Kd1 {[%clk 00:27:09]} {[%emt 00:00:20]} Rc8 {[%clk 00:26:10]}
{[%emt 00:00:17]} 38. Kd2 {[%clk 00:27:06]} {[%emt 00:00:08]} a4 {[%clk
00:26:09]} {[%emt 00:00:05]} 39. Kd3 {[%clk 00:27:10]} {[%emt 00:00:02]} a3
{[%clk 00:26:08]} {[%emt 00:00:06]} 40. Ke3 {[%clk 00:27:02]} {[%emt 00:00:13]}
a2 {[%clk 00:26:10]} {[%emt 00:00:03]} 41. Kd2 {[%clk 00:26:49]} {[%emt
00:00:17]} a1=Q {[%clk 00:26:05]} {[%emt 00:00:11]} 42. Kd3 {[%clk 00:26:39]}
{[%emt 00:00:15]} Rc3+ {[%clk 00:26:00]} {[%emt 00:00:10]} 43. Ke2 {[%clk
00:26:27]} {[%emt 00:00:16]} Qb2+ {[%clk 00:25:59]} {[%emt 00:00:07]} 44. Kd1
{[%clk 00:26:21]} {[%emt 00:00:11]} Rc1# {[%clk 00:25:58]} {[%emt 00:00:06]}
0-1

[Event "DVM U10 2023"]
[Site "Magdeburg GER"]
[Date "2023.12.27"]
[Round "1"]
[White "Ziem, Ole"]
[Black "Kukhtichev, Maksim"]
[Result "1-0"]
[Termination "normal"]
[Board "5.1"]
[WhiteElo "1391"]
[BlackElo "1399"]
[WhiteClock "00:36:51"]
[BlackClock "00:40:20"]
[WhiteTeam "USC Magdeburg"]
[BlackTeam "SK Bad Homburg 1927"]
[PlyCount "43"]
[WhiteFideId "34624791"]
[BlackFideId "34638881"]
[EventCountry "GER"]
[EventRounds "7"]
[EventType "team-swiss"]
[EventDate "2023.12.27"]

1. c4 {[%clk 00:55:08]} {[%emt 00:00:02]} e5 {[%clk 00:55:02]} {[%emt
00:00:09]} 2. g3 {[%clk 00:55:03]} {[%emt 00:00:09]} Nf6 {[%clk 00:54:49]}
{[%emt 00:00:18]} 3. Bg2 {[%clk 00:54:47]} {[%emt 00:00:21]} Bc5 {[%clk
00:54:42]} {[%emt 00:00:12]} 4. e3 {[%clk 00:54:39]} {[%emt 00:00:14]} c6
{[%clk 00:54:10]} {[%emt 00:00:37]} 5. Ne2 {[%clk 00:54:22]} {[%emt 00:00:21]}
O-O {[%clk 00:54:07]} {[%emt 00:00:08]} 6. O-O {[%clk 00:54:20]} {[%emt
00:00:07]} d5 {[%clk 00:54:04]} {[%emt 00:00:08]} 7. cxd5 {[%clk 00:54:09]}
{[%emt 00:00:15]} cxd5 {[%clk 00:54:01]} {[%emt 00:00:09]} 8. d4 {[%clk
00:53:29]} {[%emt 00:00:44]} exd4 {[%clk 00:53:57]} {[%emt 00:00:10]} 9. exd4
{[%clk 00:53:24]} {[%emt 00:00:10]} Bb6 {[%clk 00:53:34]} {[%emt 00:00:28]} 10.
Nbc3 {[%clk 00:52:47]} {[%emt 00:00:43]} Nc6 {[%clk 00:53:27]} {[%emt
00:00:12]} 11. h3 {[%clk 00:52:06]} {[%emt 00:00:46]} Re8 {[%clk 00:53:05]}
{[%emt 00:00:26]} 12. Bg5 {[%clk 00:50:54]} {[%emt 00:01:16]} h6 {[%clk
00:47:04]} {[%emt 00:06:07]} 13. Bxf6 {[%clk 00:49:34]} {[%emt 00:01:25]} Qxf6
{[%clk 00:46:23]} {[%emt 00:00:47]} 14. Nxd5 {[%clk 00:49:21]} {[%emt
00:00:17]} Qe6 {[%clk 00:45:58]} {[%emt 00:00:29]} 15. Ndf4 {[%clk 00:47:30]}
{[%emt 00:01:56]} Qd7 {[%clk 00:45:18]} {[%emt 00:00:46]} 16. d5 {[%clk
00:47:19]} {[%emt 00:00:16]} Ne7 {[%clk 00:43:25]} {[%emt 00:01:58]} 17. Re1
{[%clk 00:42:28]} {[%emt 00:04:56]} Ng6 {[%clk 00:42:07]} {[%emt 00:01:22]} 18.
Nxg6 {[%clk 00:39:14]} {[%emt 00:03:20]} fxg6 {[%clk 00:41:51]} {[%emt
00:00:21]} 19. Nf4 {[%clk 00:37:58]} {[%emt 00:01:19]} Rxe1+ {[%clk 00:41:17]}
{[%emt 00:00:42]} 20. Qxe1 {[%clk 00:37:50]} {[%emt 00:00:12]} Qf7 {[%clk
00:40:31]} {[%emt 00:00:50]} 21. d6 {[%clk 00:36:58]} {[%emt 00:00:58]} Rb8
{[%clk 00:40:20]} {[%emt 00:00:16]} 22. Bd5 {[%clk 00:36:51]} {[%emt 00:00:13]}
1-0

[Event "DVM U10 2023"]
[Site "Magdeburg GER"]
[Date "2023.12.27"]
[Round "1"]
[White "Pflugbeil, Julian"]
[Black "Tran, Gia Huy"]
[Result "1-0"]
[Termination "normal"]
[Board "5.2"]
[WhiteElo "1284"]
[BlackElo "1200"]
[WhiteClock "00:39:49"]
[BlackClock "00:15:01"]
[WhiteTeam "SK Bad Homburg 1927"]
[BlackTeam "USC Magdeburg"]
[PlyCount "107"]
[WhiteFideId "34608850"]
[BlackFideId "34624813"]
[EventCountry "GER"]
[EventRounds "7"]
[EventType "team-swiss"]
[EventDate "2023.12.27"]

1. e4 {[%clk 00:55:09]} e5 {[%clk 00:55:02]} {[%emt 00:00:08]} 2. Nc3 {[%clk
00:55:11]} {[%emt 00:00:03]} Nf6 {[%clk 00:54:50]} {[%emt 00:00:17]} 3. Bc4
{[%clk 00:55:06]} {[%emt 00:00:10]} Bc5 {[%clk 00:54:21]} {[%emt 00:00:35]} 4.
f4 {[%clk 00:54:43]} {[%emt 00:00:27]} exf4 {[%clk 00:53:58]} {[%emt 00:00:29]}
5. d4 {[%clk 00:54:42]} {[%emt 00:00:06]} Bb6 {[%clk 00:53:30]} {[%emt
00:00:33]} 6. Bxf4 {[%clk 00:54:41]} {[%emt 00:00:05]} d6 {[%clk 00:52:53]}
{[%emt 00:00:41]} 7. Qd2 {[%clk 00:53:37]} {[%emt 00:01:09]} h6 {[%clk
00:51:33]} {[%emt 00:01:24]} 8. O-O-O {[%clk 00:53:36]} {[%emt 00:00:07]} Ba5
{[%clk 00:50:53]} {[%emt 00:00:45]} 9. Re1 {[%clk 00:50:53]} {[%emt 00:02:48]}
O-O {[%clk 00:50:03]} {[%emt 00:00:55]} 10. Nf3 {[%clk 00:50:42]} {[%emt
00:00:16]} Be6 {[%clk 00:48:46]} {[%emt 00:01:23]} 11. Bxe6 {[%clk 00:50:25]}
{[%emt 00:00:21]} fxe6 {[%clk 00:48:29]} {[%emt 00:00:21]} 12. e5 {[%clk
00:49:45]} {[%emt 00:00:46]} dxe5 {[%clk 00:47:41]} {[%emt 00:00:53]} 13. Rxe5
{[%clk 00:49:18]} {[%emt 00:00:33]} Nc6 {[%clk 00:46:49]} {[%emt 00:00:56]} 14.
Rxe6 {[%clk 00:48:47]} {[%emt 00:00:36]} Qd7 {[%clk 00:45:17]} {[%emt
00:01:36]} 15. Rhe1 {[%clk 00:48:27]} {[%emt 00:00:26]} Rae8 {[%clk 00:44:42]}
{[%emt 00:00:40]} 16. Rxe8 {[%clk 00:46:25]} {[%emt 00:02:07]} Rxe8 {[%clk
00:44:32]} {[%emt 00:00:15]} 17. Be5 {[%clk 00:45:58]} {[%emt 00:00:33]} Nxe5
{[%clk 00:43:45]} {[%emt 00:00:51]} 18. Nxe5 {[%clk 00:45:36]} {[%emt
00:00:28]} Qd6 {[%clk 00:41:19]} {[%emt 00:02:31]} 19. Nc4 {[%clk 00:44:52]}
{[%emt 00:00:45]} Rxe1+ {[%clk 00:37:42]} {[%emt 00:03:45]} 20. Qxe1 {[%clk
00:44:50]} {[%emt 00:00:07]} Qf4+ {[%clk 00:36:42]} {[%emt 00:01:05]} 21. Kb1
{[%clk 00:42:58]} {[%emt 00:01:56]} Bxc3 {[%clk 00:35:31]} {[%emt 00:01:17]}
22. bxc3 {[%clk 00:42:43]} {[%emt 00:00:21]} Qxh2 {[%emt 00:00:53]} 23. Qe6+
{[%emt 00:00:14]} Kh7 {[%clk 00:33:47]} {[%emt 00:00:42]} 24. Qf5+ {[%clk
00:42:06]} {[%emt 00:00:42]} Kh8 {[%clk 00:32:36]} {[%emt 00:01:16]} 25. Qc8+
{[%clk 00:42:06]} {[%emt 00:00:06]} Ng8 {[%clk 00:32:23]} {[%emt 00:00:17]} 26.
Qxb7 {[%clk 00:41:44]} {[%emt 00:00:27]} a6 {[%clk 00:31:17]} {[%emt 00:01:11]}
27. Ne5 {[%clk 00:41:38]} {[%emt 00:00:11]} Qg1+ {[%clk 00:28:45]} {[%emt
00:02:37]} 28. Kb2 {[%clk 00:41:37]} {[%emt 00:00:06]} h5 {[%clk 00:27:43]}
{[%emt 00:01:07]} 29. Qe4 {[%clk 00:41:15]} {[%emt 00:00:28]} g6 {[%clk
00:26:24]} {[%emt 00:01:24]} 30. Qxg6 {[%clk 00:41:11]} {[%emt 00:00:08]} Qf1
{[%clk 00:24:10]} {[%emt 00:02:18]} 31. Nf7+ {[%clk 00:41:03]} {[%emt
00:00:14]} Qxf7 {[%clk 00:23:32]} {[%emt 00:00:43]} 32. Qxf7 {[%clk 00:41:04]}
{[%emt 00:00:04]} h4 {[%clk 00:23:05]} {[%emt 00:00:31]} 33. Qh5+ {[%clk
00:41:03]} {[%emt 00:00:06]} Kg7 {[%clk 00:22:36]} {[%emt 00:00:35]} 34. Qxh4
{[%clk 00:40:59]} {[%emt 00:00:10]} Nh6 {[%clk 00:22:07]} {[%emt 00:00:33]} 35.
Qe7+ {[%clk 00:40:58]} {[%emt 00:00:06]} Nf7 {[%clk 00:21:56]} {[%emt
00:00:15]} 36. Qxc7 {[%emt 00:00:07]} Kg6 {[%clk 00:21:27]} {[%emt 00:00:32]}
37. Qxf7+ {[%clk 00:41:00]} {[%emt 00:00:05]} Kxf7 {[%clk 00:21:17]} {[%emt
00:00:14]} 38. d5 {[%clk 00:41:01]} {[%emt 00:00:04]} Ke7 {[%clk 00:20:59]}
{[%emt 00:00:23]} 39. g4 {[%clk 00:41:02]} {[%emt 00:00:04]} Kd6 {[%clk
00:20:38]} {[%emt 00:00:26]} 40. c4 {[%clk 00:41:01]} {[%emt 00:00:06]} a5
{[%clk 00:20:12]} {[%emt 00:00:31]} 41. g5 {[%clk 00:40:25]} {[%emt 00:00:41]}
Ke7 {[%clk 00:19:55]} {[%emt 00:00:22]} 42. g6 {[%clk 00:40:26]} {[%emt
00:00:05]} Kf8 {[%clk 00:17:08]} {[%emt 00:02:52]} 43. d6 {[%clk 00:40:22]}
{[%emt 00:00:09]} Ke8 {[%clk 00:17:02]} {[%emt 00:00:11]} 44. d7+ {[%clk
00:40:23]} {[%emt 00:00:04]} Kxd7 {[%clk 00:16:52]} {[%emt 00:00:15]} 45. g7
{[%clk 00:40:25]} {[%emt 00:00:04]} Ke7 {[%clk 00:16:32]} {[%emt 00:00:24]} 46.
g8=Q {[%clk 00:40:24]} {[%emt 00:00:06]} Kd6 {[%clk 00:16:25]} {[%emt
00:00:12]} 47. Kc3 {[%clk 00:40:24]} {[%emt 00:00:05]} Kc5 {[%clk 00:16:15]}
{[%emt 00:00:15]} 48. Qd5+ {[%clk 00:40:25]} {[%emt 00:00:05]} Kb6 {[%clk
00:16:03]} {[%emt 00:00:17]} 49. Qd6+ {[%clk 00:40:25]} {[%emt 00:00:04]} Kb7
{[%clk 00:15:49]} {[%emt 00:00:19]} 50. c5 {[%clk 00:39:46]} {[%emt 00:00:44]}
a4 {[%clk 00:15:38]} {[%emt 00:00:16]} 51. Qb6+ {[%clk 00:39:47]} {[%emt
00:00:05]} Kc8 {[%clk 00:15:31]} {[%emt 00:00:12]} 52. c6 {[%clk 00:39:47]}
{[%emt 00:00:04]} a3 {[%clk 00:15:22]} {[%emt 00:00:14]} 53. Qb7+ {[%clk
00:39:49]} {[%emt 00:00:03]} Kd8 {[%clk 00:15:01]} {[%emt 00:00:26]} 54. Qd7#
{[%emt 00:00:36]} 1-0

[Event "DVM U10 2023"]
[Site "Magdeburg GER"]
[Date "2023.12.27"]
[Round "1"]
[White "Kalusche, Jannes"]
[Black "Beier, Martin"]
[Result "0-1"]
[Termination "normal"]
[Board "5.3"]
[WhiteElo "846"]
[BlackElo "1321"]
[WhiteClock "00:32:55"]
[BlackClock "00:34:42"]
[WhiteTeam "USC Magdeburg"]
[BlackTeam "SK Bad Homburg 1927"]
[PlyCount "50"]
[BlackFideId "34631879"]
[EventCountry "GER"]
[EventRounds "7"]
[EventType "team-swiss"]
[EventDate "2023.12.27"]

1. e4 {[%clk 00:55:03]} {[%emt 00:00:05]} e6 {[%clk 00:55:01]} {[%emt
00:00:11]} 2. Nc3 {[%clk 00:54:45]} {[%emt 00:00:22]} d5 {[%clk 00:55:00]}
{[%emt 00:00:06]} 3. e5 {[%clk 00:53:20]} {[%emt 00:01:30]} c5 {[%clk
00:54:51]} {[%emt 00:00:15]} 4. g3 {[%clk 00:52:25]} {[%emt 00:00:59]} Nc6
{[%clk 00:54:49]} {[%emt 00:00:08]} 5. Bg2 {[%clk 00:51:56]} {[%emt 00:00:34]}
Nxe5 {[%clk 00:53:49]} {[%emt 00:01:04]} 6. Qe2 {[%clk 00:51:11]} {[%emt
00:00:49]} Bd6 {[%clk 00:53:34]} {[%emt 00:00:21]} 7. d3 {[%clk 00:50:41]}
{[%emt 00:00:35]} Ne7 {[%clk 00:51:26]} {[%emt 00:02:13]} 8. Bf4 {[%clk
00:50:25]} {[%emt 00:00:22]} N5c6 {[%clk 00:49:17]} {[%emt 00:02:14]} 9. Bg5
{[%clk 00:49:21]} {[%emt 00:01:08]} O-O {[%clk 00:48:33]} {[%emt 00:00:49]} 10.
Qe3 {[%clk 00:48:05]} {[%emt 00:01:21]} d4 {[%clk 00:47:40]} {[%emt 00:00:58]}
11. Qf3 {[%clk 00:45:04]} {[%emt 00:03:06]} dxc3 {[%clk 00:46:56]} {[%emt
00:00:50]} 12. bxc3 {[%clk 00:44:50]} {[%emt 00:00:19]} Qa5 {[%clk 00:46:14]}
{[%emt 00:00:44]} 13. Ne2 {[%clk 00:44:12]} {[%emt 00:00:46]} Nd4 {[%clk
00:42:25]} {[%emt 00:03:54]} 14. Qg4 {[%clk 00:42:52]} {[%emt 00:01:24]} Nxc2+
{[%clk 00:40:55]} {[%emt 00:01:36]} 15. Kf1 {[%clk 00:42:25]} {[%emt 00:00:30]}
Nxa1 {[%clk 00:40:20]} {[%emt 00:00:40]} 16. Bh6 {[%clk 00:41:43]} {[%emt
00:00:48]} Ng6 {[%emt 00:00:23]} 17. h4 {[%clk 00:40:31]} {[%emt 00:01:15]} e5
{[%clk 00:38:31]} {[%emt 00:01:39]} 18. Bg5 {[%clk 00:39:46]} {[%emt 00:00:50]}
Bxg4 {[%clk 00:38:22]} {[%emt 00:00:13]} 19. Nc1 {[%clk 00:37:28]} {[%emt
00:02:23]} Qxc3 {[%clk 00:37:48]} {[%emt 00:00:39]} 20. f3 {[%clk 00:35:53]}
{[%emt 00:01:40]} Bf5 {[%clk 00:37:22]} {[%emt 00:00:31]} 21. g4 {[%clk
00:35:12]} {[%emt 00:00:46]} Bxd3+ {[%clk 00:37:17]} {[%emt 00:00:10]} 22. Kf2
{[%clk 00:34:36]} {[%emt 00:00:41]} e4 {[%clk 00:35:32]} {[%emt 00:01:50]} 23.
fxe4 {[%clk 00:34:29]} {[%emt 00:00:09]} Rfd8 {[%clk 00:34:46]} {[%emt
00:00:53]} 24. Bxd8 {[%emt 00:00:24]} Qd2+ {[%emt 00:00:24]} 25. Kf3 {[%clk
00:32:55]} {[%emt 00:00:52]} Qf4# {[%clk 00:34:42]} {[%emt 00:00:10]} 0-1